00897nas a2200229Ia 4500001001100000003000900011008004100020040001300061040001300074041001300087100004500100210001400145222001400159245010200173250001100275260005000286501008600336300001700422362004300439500014900482650003600631R007/F7760IT-RoPAU151124c99999999xx |||||||||||| ||und|| aIT-RoPAU cIT-RoPAU aITALIANO aTassi FabriziogCodice Aut. SPICS: 50490 aCINEFORUM aCineforum aCINEFORUM, ANNO 39-N.01 (GENNAIO/FEBBRAIO 1999)bLuce Della Fantasia Nella Notte Del Nazismo (La) a1a ed. aBERGAMObFEDERAZIONE ITALIANA CINEFORUMc1999 bPaulus - SPICS - Società San Paolo EM (non-commercial uses only)cCopyright2015 a5 p. [33-37] aANNO 039, N.01 (GENNAIO/FEBBRAIO 1999) aDati, Trama e Critica del Film Train De Vie un Treno per Vivere di Radu Mihaileanu. L'Umorismo. Il Canto. La Fuga. Intervista a Radu Mihaileanu. aCINEMAvPUBBLICAZIONE PERIODICA